000 01033nam a22002897a 4500
001 BR9803692
003 BR-BrBNA
005 20230928100003.0
007 ta
008 230509b bl.||||| |||| 00| 0 por d
040 _aBR-BrBNA
_bpor
_cBiblioteca Nacional de Agricultura
041 _a(Por)
072 _aH20
_b1410
_b4120
090 _ 1410 BR9803692
100 1 _aPimentel, J.P.
110 1 _aEscola Superior de Agricultura Luiz de Queiroz, Piracicaba, SP (Brasil)
_0Tese (Doutor em Agronomia)
245 1 _aInteracoes entre Fusarium oxysporum (Schlecht)f. sp. phaseoli (Kendrick Snyder)e Meloidogyne incognita (Kofoid White)Chitwood ou M. javanica (Treub)Chitwood (Nemata: Tylenchoidea)em cultivares de feijoeiro comum
260 3 _aPiracicaba, SP (Brasil):
_c1998.
300 _a87 p.
500 _aBibliography p. 75-87; 15 tables; Summaries (Eng, Por)
650 _aFeijao
650 _aFusariose
650 _aMeloidoginose
650 _aVariedade
909 _a202309
_bLucia
_c55
_dLucia Elande
942 _cBK
999 _c59755
_d59755